000 00897nam a2200229Ia 4500
001 10145
003 GE_BSU
008 181216s||||||||xx |||||||||||||| ||und||
040 _cGE_BSU
080 _a821.353.1-7
100 _aსამსონია,ალექსანდრე
245 _aფეხბურთი თავით უნდა ითამაშო
245 _bიუმორისტილი მოთხრობები
245 _cრედ:ზ.ფირცხალაიშვილი;მხატვ:რ.სანადირაძე.
260 _aბათუმი.
260 _bსაბჭ.აჭარა.
260 _c1985
300 _a155გვ;22სმ.
653 _aიუმორისტული მოთხრობები
653 _aფეხბურთი თავით უნდა ითამაშო
942 _cBK
999 _c43416
_d43416